[Advertisements for auctions] (Record no. 79325)

MARC details
000 -LEADER
fixed length control field 00471cab a22001695a 4500
001 - CONTROL NUMBER
control field L140717
008 - FIXED-LENGTH DATA ELEMENTS--GENERAL INFORMATION
fixed length control field 071008e18200808ie 000 0 eng d
035 ## - SYSTEM CONTROL NUMBER
System control number (Sirsi) u140717
041 0# - LANGUAGE CODE
Language code of text/sound track or separate title eng
245 01 - TITLE STATEMENT
Title [Advertisements for auctions]
260 ## - PUBLICATION, DISTRIBUTION, ETC.
Date of publication, distribution, etc. 1820
490 ## - SERIES STATEMENT
Series statement Carrick's Morning Post
Volume/sequential designation (2406) 8 August 1820, 1(1)
520 ## - SUMMARY, ETC.
Summary, etc. Shows advertisements for auctions of property.
651 #4 - SUBJECT ADDED ENTRY--GEOGRAPHIC NAME
Geographic name Ireland (Republic of)
Chronological subdivision
690 ## - LOCAL SUBJECT ADDED ENTRY--TOPICAL TERM (OCLC, RLIN)
Topical term or geographic name as entry element Auctioneering
9 (RLIN) 6218
942 ## - ADDED ENTRY ELEMENTS (KOHA)
Suppress in OPAC 0
Holdings
Withdrawn status Lost status Source of classification or shelving scheme Damaged status Not for loan Home library Current library Shelving location Date acquired Total Checkouts Full call number Barcode Date last seen Copy number Price effective from Koha item type
    Dewey Decimal Classification     London London Basement 08/10/2007   BASEMENT BOX 1 140717-1001 06/08/2019 1 06/08/2019 Archive